000 00231nam a2200097Ia 4500
008 220805s9999 xx 000 0 und d
041 _amar
082 _a155.4
245 _aबालविकास
650 _aChild Pshchology
_987203
999 _c47895
_d47895